00243nam a22000737a 4500082001200000245012300012260002500135300000900160 a507 ROL aRole of Non Governmental organizations (NGOs) in Agricultural Development :proceedings of the symposium 28th June 1994 aColombobSLAASc1994 a87 p